[Event "Reunion op 16th"]
[Site "St Denis"]
[Date "2014.10.18"]
[Round "3"]
[White "Cazal, Julian"]
[Black "Noel, Philippe"]
[Result "0-1"]
[WhiteElo "1100"]
[BlackElo "1297"]
[PlyCount "88"]
[EventDate "2014.10.18"]
[EventType "swiss"]
[EventRounds "9"]
[EventCountry "RUF"]
[SourceTitle "EXT 2015"]
[Source "ChessBase"]
[SourceDate "2014.11.20"]
[SourceVersion "1"]
[SourceVersionDate "2014.11.20"]
[SourceQuality "1"]

1. e4 e5 2. Nf3 Nc6 3. Bc4 d6 4. d3 Bg4 5. h3 Bxf3 6. Qxf3 Nf6 7. d4 Nxd4 8. Qd3 Be7 9. c3 Nc6 10. Bb3 0-0 11. Qg3 Nh5 12. Qg4 g6 13. 0-0 Na5 14. Bd1 Bf6 15. Qe2 Bg7 16. g4 Nf4 17. Bxf4 exf4 18. b4 Nc6 19. Na3 Bxc3 20. Rb1 Nd4 21. Qd3 Qh4 22. Qxc3 f3 23. Qxd4 Qxh3 24. Bxf3 Qxf3 25. Rb3 Qxg4+ 26. Kh1 a6 27. Rg3 Qh4+ 28. Kg1 c5 29. Qa1 cxb4 30. Nc4 d5 31. exd5 Qxc4 32. Rc1 Qxd5 33. Qf6 Rfe8 34. Qh4 h5 35. Rg5 Qd2 36. Qc4 Qxg5+ 37. Kf1 b5 38. Qxb4 Qxc1+ 39. Kg2 Qg5+ 40. Kf1 Qc1+ 41. Kg2 Re1 42. Qa5 Rg1+ 43. Kh2 Qf1 44. Qxa6 Qg2# 0-1

[Event "Reunion op 12th"]
[Site "St Denis"]
[Date "2010.10.16"]
[Round "9"]
[White "Cazal, Julian"]
[Black "Noel, Philippe"]
[Result "0-1"]
[WhiteElo "1150"]
[BlackElo "1420"]
[PlyCount "40"]
[EventDate "2010.10.09"]
[EventType "swiss"]
[EventRounds "9"]
[EventCountry "RUF"]
[SourceTitle "CBM 138 Extra"]
[Source "ChessBase"]
[SourceDate "2010.10.29"]
[SourceVersion "1"]
[SourceVersionDate "2010.10.29"]
[SourceQuality "1"]

1. e4 e5 2. Bc4 Nc6 3. d3 Bc5 4. Nf3 d6 5. Ng5 Qf6 6. Bxf7+ Ke7 7. 0-0 h6 8. Qd2 Nd8 9. Bb3 Bg4 10. Nc3 c6 11. Bd5 Bb4 12. a3 Bxc3 13. Qxc3 hxg5 14. Be3 Qh6 15. h3 Bxh3 16. Qd2 Nf6 17. Bxg5 Qh7 18. Rfd1 Bxg2 19. Kxg2 Qh3+ 20. Kg1 Qh1# 0-1

[Event "Reunion op 12th"]
[Site "St Denis"]
[Date "2010.10.10"]
[Round "3"]
[White "Cazal, Julian"]
[Black "Rivolo, Jean Guillaume"]
[Result "0-1"]
[WhiteElo "1150"]
[BlackElo "1600"]
[PlyCount "66"]
[EventDate "2010.10.09"]
[EventType "swiss"]
[EventRounds "9"]
[EventCountry "RUF"]
[SourceTitle "CBM 138 Extra"]
[Source "ChessBase"]
[SourceDate "2010.10.29"]
[SourceVersion "1"]
[SourceVersionDate "2010.10.29"]
[SourceQuality "1"]

1. e4 c5 2. Nc3 Nc6 3. Bc4 g6 4. Qf3 Ne5 5. Qf4 Nxc4 6. Nf3 Bg7 7. Ng5 Nf6 8. Nd5 0-0 9. Qh4 h6 10. e5 Nxe5 11. Nxf6+ exf6 12. 0-0 fxg5 13. Qh3 d6 14. Qg3 Qd7 15. Re1 Re8 16. d3 b6 17. f4 gxf4 18. Bxf4 Bb7 19. Qf2 Re6 20. Rf1 Rae8 21. Bg3 Ng4 22. Qf4 Ne3 23. Rf3 Bxf3 24. Qxf3 Nxc2 25. Rc1 Nd4 26. Qg4 Ne2+ 27. Kf1 Nxc1 28. Qd1 Ne2 29. Bf2 Bd4 30. Be1 Rf6+ 31. Bf2 Rxf2+ 32. Ke1 Nc3+ 33. Qe2 Rexe2# 0-1

[Event "Reunion op 10th"]
[Site "St Denis"]
[Date "2008.10.17"]
[Round "8"]
[White "Nassau, Jean Bertrand"]
[Black "Cazal, Julian"]
[Result "1-0"]
[WhiteElo "1110"]
[BlackElo "1010"]
[PlyCount "45"]
[EventDate "2008.10.11"]
[EventType "swiss"]
[EventRounds "9"]
[EventCountry "RUF"]
[SourceTitle "EXT 2009"]
[Source "ChessBase"]
[SourceDate "2008.11.26"]
[SourceVersion "1"]
[SourceVersionDate "2008.11.26"]
[SourceQuality "1"]

1. e4 e5 2. Nf3 Bc5 3. Bc4 d5 4. exd5 Bg4 5. 0-0 e4 6. d4 Bd6 7. Re1 Qe7 8. c3 Bxf3 9. gxf3 Qh4 10. Rxe4+ Ne7 11. Rxh4 0-0 12. Qc2 g6 13. Be3 Nf5 14. Rg4 Re8 15. Bd2 Re2 16. Bxe2 Nd7 17. Qxf5 Re8 18. Na3 Rxe2 19. Bh6 c5 20. Qxd7 Re7 21. Qd8+ Re8 22. Qxe8+ Bf8 23. Qxf8# 1-0